[Event "Open Ciutat de Sabadell 2014"]
[Site "Sabadell ESP"]
[Date "2014.09.05"]
[Round "4.6"]
[White "Gomez Jurado, Luis Alberto"]
[Black "Capellades Subirana, Marc"]
[Result "1/2-1/2"]
[WhiteElo "2348"]
[BlackElo "2160"]
[PlyCount "57"]
[EventDate "2014.09.02"]
[EventType "swiss"]
[EventRounds "9"]
[EventCountry "ESP"]
[Source "lmi"]
[SourceDate "2014.09.02"]

1. c4 Nf6 2. g3 c6 3. Nf3 d5 4. Bg2 g6 5. b3 Bg7 6. Bb2 O-O 7. O-O Bg4 8. h3
Bxf3 9. Bxf3 Nbd7 10. d4 Ne4 11. e3 e6 12. Bxe4 dxe4 13. Qc2 f5 14. Rd1 Qg5 15.
Qe2 h5 16. h4 Qh6 17. Kg2 g5 18. hxg5 Qxg5 19. Rh1 Nf6 20. Rh4 Ng4 21. Nd2 Rf6
22. Rah1 Rh6 23. c5 Bf6 24. Kf1 Re8 25. Nc4 Re7 26. Ke1 Reh7 27. R4h3 Qg6 28.
Rh4 Rh8 29. Qd1 1/2-1/2

[Event "Open Ciutat de Sabadell 2014"]
[Site "Sabadell ESP"]
[Date "2014.09.05"]
[Round "4.7"]
[White "Vehi Bach, Victor Manuel"]
[Black "Anguera Maestro, Jaime"]
[Result "1-0"]
[WhiteElo "2324"]
[BlackElo "2135"]
[PlyCount "101"]
[EventDate "2014.09.02"]
[EventType "swiss"]
[EventRounds "9"]
[EventCountry "ESP"]
[Source "lmi"]
[SourceDate "2014.09.02"]

1. e4 d5 2. exd5 Qxd5 3. Nc3 Qd8 4. d4 Nf6 5. Nf3 Bg4 6. h3 Bxf3 7. Qxf3 c6 8.
Be3 e6 9. O-O-O Bb4 10. Bd2 Bxc3 11. Qxc3 Ne4 12. Qe3 Nxd2 13. Rxd2 Qa5 14. Bc4
O-O 15. Qe5 Qd8 16. h4 Nd7 17. Qe2 Nb6 18. Bd3 Nd5 19. c4 Nf4 20. Bxh7+ Kxh7
21. Qe4+ Kg8 22. Qxf4 Qa5 23. Kb1 Rad8 24. Rhd1 Rd7 25. Qe5 Qb4 26. Qc5 Qb6 27.
Rd3 Rfd8 28. Qe5 Qc7 29. Qg5 f6 30. Qg4 Qd6 31. h5 Qe7 32. h6 f5 33. Qg6 Qf6
34. Rg3 Qxg6 35. Rxg6 e5 36. d5 Kh7 37. Rxg7+ Rxg7 38. hxg7 Kxg7 39. Kc2 cxd5
40. Rxd5 Rxd5 41. cxd5 Kf6 42. Kc3 Ke7 43. Kc4 Kd6 44. a4 b6 45. b4 a6 46. b5
a5 47. g3 Kc7 48. f3 Kd6 49. g4 e4 50. fxe4 fxg4 51. Kd4 1-0

[Event "Open Ciutat de Sabadell 2014"]
[Site "Sabadell ESP"]
[Date "2014.09.06"]
[Round "5.1"]
[White "Aroshidze, Levan"]
[Black "Sandipan, Chanda"]
[Result "1/2-1/2"]
[WhiteElo "2531"]
[BlackElo "2619"]
[PlyCount "31"]
[EventDate "2014.09.02"]
[EventType "swiss"]
[EventRounds "9"]
[EventCountry "ESP"]
[Source "lmi"]
[SourceDate "2014.09.02"]

1. e4 e5 2. Nf3 Nf6 3. Nxe5 d6 4. Nf3 Nxe4 5. d4 d5 6. Bd3 Be7 7. O-O Nc6 8.
Nc3 Bf5 9. Re1 Nxc3 10. bxc3 Bxd3 11. Qxd3 O-O 12. Bf4 Na5 13. Re2 Nc4 14. Rae1
Bf6 15. Qf5 c6 16. Bg5 1/2-1/2

[Event "Open Ciutat de Sabadell 2014"]
[Site "Sabadell ESP"]
[Date "2014.09.06"]
[Round "5.2"]
[White "Alonso Rosell, Alvar"]
[Black "Vehi Bach, Victor Manuel"]
[Result "1-0"]
[WhiteElo "2535"]
[BlackElo "2324"]
[PlyCount "69"]
[EventDate "2014.09.02"]
[EventType "swiss"]
[EventRounds "9"]
[EventCountry "ESP"]
[Source "lmi"]
[SourceDate "2014.09.02"]

1. Nf3 e6 2. d4 Nf6 3. Bf4 c5 4. c3 Qb6 5. Qb3 Qxb3 6. axb3 Nc6 7. e3 Nd5 8.
Bg3 cxd4 9. exd4 f5 10. h4 f4 11. Bh2 Bd6 12. Bd3 O-O 13. Nbd2 Bc7 14. O-O Rb8
15. b4 a6 16. Rfe1 Nf6 17. Nb3 Ng4 18. Nc5 g6 19. Bc4 Ne7 20. Ne5 Bxe5 21. dxe5
Nc6 22. Nd3 Nxh2 23. Kxh2 Rf5 24. Bb3 b6 25. Bd1 Bb7 26. Bg4 Rf7 27. Bf3 h6 28.
Be4 Kg7 29. f3 Rd8 30. Nf2 d5 31. exd6 Rxd6 32. Ng4 h5 33. Nf2 Rd2 34. Nd3 Nxb4
35. Nxb4 1-0

[Event "Open Ciutat de Sabadell 2014"]
[Site "Sabadell ESP"]
[Date "2014.09.06"]
[Round "5.3"]
[White "Gonzalez Rodriguez, Jorge A"]
[Black "Munoz Pantoja, Miguel"]
[Result "1-0"]
[WhiteElo "2383"]
[BlackElo "2421"]
[PlyCount "73"]
[EventDate "2014.09.02"]
[EventType "swiss"]
[EventRounds "9"]
[EventCountry "ESP"]
[Source "lmi"]
[SourceDate "2014.09.02"]

1. b3 e5 2. Bb2 Nc6 3. c4 Nf6 4. e3 d5 5. cxd5 Nxd5 6. a3 Bd6 7. Qc2 O-O 8. Nf3
Qe7 9. d3 f5 10. Nbd2 Nf6 11. e4 Nd4 12. Nxd4 exd4 13. Be2 c5 14. O-O fxe4 15.
dxe4 Ng4 16. Bxg4 Bxg4 17. Qd3 Qh4 18. g3 Qh5 19. f3 Be6 20. f4 Bh3 21. Rf2 Qg6
22. f5 Qg4 23. Nc4 Bc7 24. Bc1 g5 25. Bd2 Rf7 26. a4 h5 27. f6 h4 28. Rf5 Qxf5
29. exf5 Rxf6 30. Rf1 hxg3 31. hxg3 Raf8 32. Rf2 Bxf5 33. Qf3 g4 34. Qd5+ R8f7
35. Bf4 Bd3 36. Qxc5 Re6 37. Ne5 1-0

[Event "Open Ciutat de Sabadell 2014"]
[Site "Sabadell ESP"]
[Date "2014.09.06"]
[Round "5.4"]
[White "Diaz Camallonga, Carles"]
[Black "Martinez Alcantara, Jose Eduar"]
[Result "1/2-1/2"]
[WhiteElo "2309"]
[BlackElo "2388"]
[PlyCount "72"]
[EventDate "2014.09.02"]
[EventType "swiss"]
[EventRounds "9"]
[EventCountry "ESP"]
[Source "lmi"]
[SourceDate "2014.09.02"]

1. e4 c5 2. Nf3 d6 3. d4 cxd4 4. Nxd4 Nf6 5. Nc3 Nc6 6. g3 g6 7. Bg2 Bd7 8. h3
Bg7 9. Nde2 O-O 10. O-O Rc8 11. a4 Na5 12. Ra2 a6 13. Nd5 Nxd5 14. exd5 Qc7 15.
c3 e5 16. dxe6 fxe6 17. Nf4 Rfe8 18. Re1 Nc4 19. h4 Ne5 20. h5 Bc6 21. hxg6
hxg6 22. Qe2 Bxg2 23. Kxg2 Qc6+ 24. Qe4 d5 25. Qe2 d4+ 26. Qe4 dxc3 27. Qxc6
Rxc6 28. bxc3 Rxc3 29. Be3 Rc4 30. Rb1 Re7 31. Rab2 Rcc7 32. Rb3 Kf7 33. Bb6
Rc8 34. Be3 Rcc7 35. Bb6 Rc8 36. Be3 Rcc7 1/2-1/2

[Event "Open Ciutat de Sabadell 2014"]
[Site "Sabadell ESP"]
[Date "2014.09.06"]
[Round "5.5"]
[White "Lorenzo De La Riva, Lazaro"]
[Black "Ortega Serra, Marc"]
[Result "1/2-1/2"]
[WhiteElo "2391"]
[BlackElo "2200"]
[PlyCount "90"]
[EventDate "2014.09.02"]
[EventType "swiss"]
[EventRounds "9"]
[EventCountry "ESP"]
[Source "lmi"]
[SourceDate "2014.09.02"]

1. d4 d5 2. c4 e5 3. dxe5 d4 4. Nf3 Nc6 5. a3 Be6 6. Qd3 Nge7 7. Bf4 Bf5 8. e4
Bg4 9. Nbd2 Ng6 10. Bg3 h5 11. h3 h4 12. Bh2 Bh5 13. Be2 Qd7 14. b4 Qe6 15. c5
O-O-O 16. Nc4 Bxf3 17. Bxf3 Ncxe5 18. Nxe5 Nxe5 19. Bxe5 Qxe5 20. O-O Qf4 21.
Rfc1 Rh6 22. a4 g5 23. a5 Bg7 24. b5 Be5 25. b6 a6 26. bxc7 Kxc7 27. Rab1 Rc6
28. Kf1 Rb8 29. Rc4 Kd7 30. Rb3 Ke7 31. Qb1 Rc7 32. Rd3 Kf8 33. Rd1 Kg7 34. Qd3
Rbc8 35. Rdc1 Rc6 36. R1c2 R6c7 37. Ke2 Rc6 38. Qd2 Qxd2+ 39. Kxd2 Bc7 40. Kd3
Bxa5 41. e5 R6c7 42. Kxd4 Re8 43. c6 b5 44. Rc5 Bb6 45. Kd5 Rd8+ 1/2-1/2

[Event "Open Ciutat de Sabadell 2014"]
[Site "Sabadell ESP"]
[Date "2014.09.06"]
[Round "5.6"]
[White "Morais Carreras, Javier"]
[Black "Gomez Jurado, Luis Alberto"]
[Result "0-1"]
[WhiteElo "1985"]
[BlackElo "2348"]
[PlyCount "50"]
[EventDate "2014.09.02"]
[EventType "swiss"]
[EventRounds "9"]
[EventCountry "ESP"]
[Source "lmi"]
[SourceDate "2014.09.02"]

1. e4 c6 2. Nc3 d5 3. Nf3 dxe4 4. Nxe4 Nf6 5. Nxf6+ exf6 6. Be2 Bd6 7. d4 O-O
8. O-O Re8 9. Re1 Nd7 10. Bd2 Nf8 11. h3 Ng6 12. Bd3 Be6 13. Bxg6 fxg6 14. b3
g5 15. c4 g4 16. hxg4 Bxg4 17. Bc3 Rxe1+ 18. Bxe1 Qe8 19. Qd3 Qh5 20. d5 Bxf3
21. Qxf3 Qh2+ 22. Kf1 Qh1+ 23. Ke2 Re8+ 24. Kd2 Rxe1 25. Rxe1 Bb4+ 0-1

[Event "Open Ciutat de Sabadell 2014"]
[Site "Sabadell ESP"]
[Date "2014.09.06"]
[Round "5.7"]
[White "Colon Garcia, Enrique"]
[Black "Guix Torres, David"]
[Result "1-0"]
[WhiteElo "2343"]
[BlackElo "2076"]
[PlyCount "79"]
[EventDate "2014.09.02"]
[EventType "swiss"]
[EventRounds "9"]
[EventCountry "ESP"]
[Source "lmi"]
[SourceDate "2014.09.02"]

1. Nf3 Nf6 2. c4 c5 3. g3 g6 4. Bg2 Bg7 5. O-O O-O 6. Nc3 Nc6 7. d4 cxd4 8.
Nxd4 Nxd4 9. Qxd4 d6 10. Bg5 Be6 11. Qd3 Qc8 12. b3 h6 13. Be3 Bh3 14. Rac1
Bxg2 15. Kxg2 b6 16. f3 Qb7 17. Bd4 Rfd8 18. e4 Ne8 19. Rc2 Nc7 20. Bxg7 Kxg7
21. h4 Rac8 22. h5 b5 23. hxg6 fxg6 24. Nd5 Nxd5 25. exd5 bxc4 26. bxc4 Rf8 27.
Re1 Rf6 28. Rce2 Rc7 29. Re6 Qb2+ 30. R1e2 Qb7 31. Qd4 Kf7 32. Rxf6+ exf6 33.
Re6 Kg8 34. Qxf6 Rg7 35. Re8+ Kh7 36. Qf8 g5 37. Qh8+ Kg6 38. Re6+ Kf5 39. g4+
Kf4 40. Re4# 1-0

[Event "Open Ciutat de Sabadell 2014"]
[Site "Sabadell ESP"]
[Date "2014.09.07"]
[Round "6.1"]
[White "Sandipan, Chanda"]
[Black "Alonso Rosell, Alvar"]
[Result "1-0"]
[WhiteElo "2619"]
[BlackElo "2535"]
[PlyCount "113"]
[EventDate "2014.09.02"]
[EventType "swiss"]
[EventRounds "9"]
[EventCountry "ESP"]
[Source "lmi"]
[SourceDate "2014.09.02"]

1. d4 d5 2. Bg5 c6 3. Nf3 h6 4. Bh4 Qb6 5. b3 Bf5 6. e3 Nd7 7. Bd3 Bxd3 8. Qxd3
Ngf6 9. O-O e6 10. c4 a5 11. Nc3 Be7 12. Ne5 Nxe5 13. dxe5 Ng8 14. Bg3 h5 15.
cxd5 cxd5 16. e4 dxe4 17. Nxe4 Rd8 18. Nd6+ Bxd6 19. exd6 Ne7 20. Rad1 h4 21.
Be5 Nf5 22. d7+ Ke7 23. Rfe1 Qc6 24. Qxf5 exf5 25. Bxg7+ Qe6 26. Bxh8 Rxh8 27.
Rxe6+ fxe6 28. Rd4 Kd8 29. Kf1 Rh7 30. Ke2 Rxd7 31. Rxh4 Rg7 32. g3 Ke7 33. Ra4
b6 34. b4 Rg4 35. f4 e5 36. bxa5 bxa5 37. Kf3 Ke6 38. Rxa5 e4+ 39. Ke3 Rg8 40.
Ra6+ Kf7 41. Ra3 Rh8 42. h4 Rg8 43. Kd2 Kg6 44. Ra5 Kf6 45. Ra6+ Kf7 46. Ra7+
Kf6 47. h5 Rxg3 48. h6 Ke6 49. h7 Rh3 50. a4 Kd5 51. a5 Rh2+ 52. Kc3 Rh3+ 53.
Kb4 e3 54. Re7 Kd6 55. Rxe3 Rxh7 56. Re5 Rb7+ 57. Rb5 1-0

[Event "Open Ciutat de Sabadell 2014"]
[Site "Sabadell ESP"]
[Date "2014.09.07"]
[Round "6.2"]
[White "Gonzalez Rodriguez, Jorge A"]
[Black "Aroshidze, Levan"]
[Result "0-1"]
[WhiteElo "2383"]
[BlackElo "2531"]
[PlyCount "79"]
[EventDate "2014.09.02"]
[EventType "swiss"]
[EventRounds "9"]
[EventCountry "ESP"]
[Source "lmi"]
[SourceDate "2014.09.02"]

1. b3 e5 2. Bb2 Nc6 3. e3 Nf6 4. Bb5 Bd6 5. Bxc6 dxc6 6. d3 Bg4 7. Ne2 Nd5 8.
Qd2 Bb4 9. c3 Be7 10. a3 Qd6 11. c4 Nb6 12. Nbc3 O-O-O 13. O-O-O Nd7 14. b4 Qg6
15. Qc2 Be6 16. Rhg1 a5 17. bxa5 Nc5 18. e4 Qh6+ 19. Kb1 Qxh2 20. Na2 f5 21. f3
fxe4 22. fxe4 Bg4 23. Nac1 Qh5 24. Ka2 Rhf8 25. Rh1 Qg5 26. d4 exd4 27. Rxd4
Ne6 28. Rxd8+ Rxd8 29. Nb3 Qe3 30. Nec1 h5 31. Bc3 Rf8 32. Kb1 Rf2 33. Qd3
Qxd3+ 34. Nxd3 Rxg2 35. Ne5 h4 36. a6 bxa6 37. Nxc6 Bg5 38. Be5 h3 39. Nbd4
Nxd4 40. Rf1 0-1

[Event "Open Ciutat de Sabadell 2014"]
[Site "Sabadell ESP"]
[Date "2014.09.07"]
[Round "6.3"]
[White "Martinez Alcantara, Jose Eduar"]
[Black "Colon Garcia, Enrique"]
[Result "1-0"]
[WhiteElo "2388"]
[BlackElo "2343"]
[PlyCount "113"]
[EventDate "2014.09.02"]
[EventType "swiss"]
[EventRounds "9"]
[EventCountry "ESP"]
[Source "lmi"]
[SourceDate "2014.09.02"]

1. e4 c5 2. Nf3 d6 3. d4 cxd4 4. Nxd4 Nf6 5. Nc3 a6 6. Be3 e6 7. f3 b5 8. Qd2
b4 9. Nce2 e5 10. Nb3 Nc6 11. g4 h6 12. Ng3 Be6 13. O-O-O Qc7 14. Kb1 d5 15.
exd5 Nxd5 16. Nc5 Bxc5 17. Bxc5 Rd8 18. Bd3 Nc3+ 19. bxc3 Qa5 20. c4 Qxc5 21.
Ne4 Qa5 22. Qe3 Nd4 23. Rhf1 Qc7 24. Nd2 O-O 25. Rde1 Nc6 26. Rg1 f6 27. h4 Rd4
28. g5 hxg5 29. hxg5 f5 30. g6 Rh4 31. Nb3 a5 32. Qc5 Rc8 33. Qf2 Rh6 34. Nc5
Qe7 35. Nxe6 Qxe6 36. Rg5 Ne7 37. Qg3 Rxg6 38. Rxg6 Nxg6 39. Rg1 Rc6 40. Qg5 e4
41. fxe4 fxe4 42. Qd8+ Nf8 43. Rf1 Qd6 44. Qxd6 Rxd6 45. Bxe4 Nd7 46. Rf5 Nf6
47. Bd3 Ra6 48. Kb2 Kf7 49. Re5 Nd7 50. Rd5 Ke7 51. Kb3 Nb6 52. Rg5 Kf6 53.
Rg6+ Kf7 54. c5 a4+ 55. Kb2 a3+ 56. Kc1 b3 57. cxb3 1-0

[Event "Open Ciutat de Sabadell 2014"]
[Site "Sabadell ESP"]
[Date "2014.09.07"]
[Round "6.4"]
[White "Gomez Jurado, Luis Alberto"]
[Black "Vidarte Morales, Arturo"]
[Result "1/2-1/2"]
[WhiteElo "2348"]
[BlackElo "2329"]
[PlyCount "24"]
[EventDate "2014.09.02"]
[EventType "swiss"]
[EventRounds "9"]
[EventCountry "ESP"]
[Source "lmi"]
[SourceDate "2014.09.02"]

1. c4 f5 2. Nf3 Nf6 3. g3 g6 4. Bg2 Bg7 5. O-O d6 6. d4 O-O 7. Nbd2 Qe8 8. b4
e5 9. dxe5 dxe5 10. e4 f4 11. Bb2 Nh5 12. c5 Kh8 1/2-1/2

[Event "Open Ciutat de Sabadell 2014"]
[Site "Sabadell ESP"]
[Date "2014.09.07"]
[Round "6.5"]
[White "Vehi Bach, Victor Manuel"]
[Black "Diaz Camallonga, Carles"]
[Result "1/2-1/2"]
[WhiteElo "2324"]
[BlackElo "2309"]
[PlyCount "99"]
[EventDate "2014.09.02"]
[EventType "swiss"]
[EventRounds "9"]
[EventCountry "ESP"]
[Source "lmi"]
[SourceDate "2014.09.02"]

1. e4 e6 2. d4 d5 3. Nc3 Nf6 4. Bg5 Be7 5. e5 Nfd7 6. Bxe7 Qxe7 7. f4 a6 8. Nf3
c5 9. Qd2 Nc6 10. dxc5 Qxc5 11. a3 b5 12. Bd3 Rb8 13. b4 Qb6 14. Qf2 Qxf2+ 15.
Kxf2 O-O 16. Rhe1 Nb6 17. g4 Bd7 18. Kg3 Rbc8 19. Ne2 f6 20. Ned4 fxe5 21. fxe5
Nxd4 22. Nxd4 Na4 23. Rf1 Nc3 24. Nb3 Na4 25. h4 Rxf1 26. Rxf1 Rc7 27. Kf4 Be8
28. Ke3 Bf7 29. Kd4 h6 30. g5 hxg5 31. hxg5 Be8 32. Nc5 Nxc5 33. bxc5 Bc6 34.
Bg6 a5 35. Bh5 Ra7 36. c3 a4 37. Bg4 Re7 38. g6 Be8 39. Bh5 Bc6 40. Rf7 Rxf7
41. gxf7+ Kf8 42. Bg6 Ke7 43. Ke3 Kf8 44. Kd4 Ke7 45. Kd3 Kf8 46. Ke3 Ke7 47.
Kd2 Kf8 48. Ke2 Ke7 49. Ke3 Kf8 50. Kd4 1/2-1/2

[Event "Open Ciutat de Sabadell 2014"]
[Site "Sabadell ESP"]
[Date "2014.09.07"]
[Round "6.6"]
[White "Ortega Serra, Marc"]
[Black "Munoz Pantoja, Miguel"]
[Result "1-0"]
[WhiteElo "2200"]
[BlackElo "2421"]
[PlyCount "88"]
[EventDate "2014.09.02"]
[EventType "swiss"]
[EventRounds "9"]
[EventCountry "ESP"]
[Source "lmi"]
[SourceDate "2014.09.02"]

1. d4 c5 2. d5 Nf6 3. c4 e6 4. Nc3 exd5 5. cxd5 d6 6. e4 a6 7. a4 g6 8. Nf3 Bg4
9. Qb3 Bxf3 10. gxf3 Qe7 11. Bg2 Bg7 12. O-O O-O 13. Re1 Nbd7 14. f4 Rab8 15.
Bd2 Nh5 16. Ne2 b5 17. Qh3 b4 18. Rab1 a5 19. Ng3 Nxg3 20. hxg3 c4 21. g4 Nc5
22. e5 Nd3 23. Re4 dxe5 24. f5 c3 25. Qxd3 cxd2 26. Qxd2 Qf6 27. Rbe1 gxf5 28.
gxf5 Bh6 29. Rg4+ Kh8 30. Qe2 Bf4 31. Rd1 Qxf5 32. Kf1 Rg8 33. Rxg8+ Rxg8 34.
d6 Qg5 35. Qf3 f5 36. d7 e4 37. Qh3 Bc7 38. Bh1 Qf6 39. Bg2 Qg5 40. Bh1 Qf6 41.
Bg2 Qg5 42. Bh1 Bd8 43. Qh2 Bf6 44. b3 Qg4 1-0

[Event "Open Ciutat de Sabadell 2014"]
[Site "Sabadell ESP"]
[Date "2014.09.07"]
[Round "6.7"]
[White "Sayrol Clols, Josep Maria"]
[Black "Lorenzo De La Riva, Lazaro"]
[Result "0-1"]
[WhiteElo "2115"]
[BlackElo "2391"]
[PlyCount "60"]
[EventDate "2014.09.02"]
[EventType "swiss"]
[EventRounds "9"]
[EventCountry "ESP"]
[Source "lmi"]
[SourceDate "2014.09.02"]

1. e4 e5 2. Nf3 Nc6 3. d4 exd4 4. Bc4 Nf6 5. e5 Ng4 6. Bxf7+ Kxf7 7. Ng5+ Kg8
8. Qxg4 h6 9. Nf3 d6 10. e6 Qf6 11. O-O Bxe6 12. Qg3 Be7 13. c3 Rf8 14. Nbd2
dxc3 15. bxc3 Bf5 16. Re1 Kh7 17. h4 Qg6 18. Qh2 Bf6 19. Bb2 Re8 20. Nd4 Nxd4
21. cxd4 Qg4 22. Nf3 Be4 23. Nd2 Bd5 24. h5 Bg5 25. f3 Qf5 26. Nf1 Qc2 27. f4
Bxf4 28. Qh3 Rxe1 29. Rxe1 Rf8 30. Qg4 Qxb2 0-1

[Event "Open Ciutat de Sabadell 2014"]
[Site "Sabadell ESP"]
[Date "2014.09.07"]
[Round "6.8"]
[White "Ramirez Carrizo, Victor Jose"]
[Black "Prats Rodriguez, Juan Bosco"]
[Result "1-0"]
[WhiteElo "2098"]
[BlackElo "2069"]
[PlyCount "99"]
[EventDate "2014.09.02"]
[EventType "swiss"]
[EventRounds "9"]
[EventCountry "ESP"]
[Source "lmi"]
[SourceDate "2014.09.02"]

1. e4 d6 2. d4 Nf6 3. Nc3 g6 4. f4 Bg7 5. Nf3 O-O 6. Be3 Nbd7 7. Qd2 e5 8. h3
exf4 9. Bxf4 Nxe4 10. Nxe4 Re8 11. O-O-O Rxe4 12. Bc4 Nf6 13. Bg5 c6 14. Rhf1
d5 15. Bd3 Re6 16. Ne5 c5 17. Qf4 Qa5 18. Ng4 c4 19. Nxf6+ Bxf6 20. Bxg6 hxg6
21. Bxf6 Bd7 22. Bg7 f5 23. Qh6 Qxa2 24. Qh8+ Kf7 25. Qxa8 Kxg7 26. Rfe1 Qa1+
27. Kd2 Qxb2 28. Rxe6 Bxe6 29. Qxa7 c3+ 30. Ke1 Qxc2 31. Qxb7+ Kh6 32. Qc7 Qe4+
33. Kf1 c2 34. Rd2 f4 35. Qxc2 Bf5 36. Qxe4 Bxe4 37. Rb2 Kh5 38. Kf2 Kh4 39.
Rb6 Kg5 40. Re6 Kf5 41. Re5+ Kf6 42. g3 fxg3+ 43. Kxg3 Bh1 44. Kf4 Bg2 45. h4
Bh1 46. Re1 Bg2 47. Rb1 Be4 48. Rb6+ Kf7 49. Kg5 Bf5 50. h5 1-0

[Event "Open Ciutat de Sabadell 2014"]
[Site "Sabadell ESP"]
[Date "2014.09.07"]
[Round "6.10"]
[White "Ortega Lopez, Mikel"]
[Black "Anguera Maestro, Jaime"]
[Result "1-0"]
[WhiteElo "1928"]
[BlackElo "2135"]
[PlyCount "131"]
[EventDate "2014.09.02"]
[EventType "swiss"]
[EventRounds "9"]
[EventCountry "ESP"]
[Source "lmi"]
[SourceDate "2014.09.02"]

1. e4 b6 2. d4 Bb7 3. Nc3 g6 4. g3 Bg7 5. Bg2 d6 6. Nge2 Nd7 7. Be3 e5 8. d5 h5
9. h3 Bh6 10. Qd2 Bxe3 11. Qxe3 h4 12. O-O-O Qe7 13. Kb1 a6 14. Nc1 f5 15. f4
Nh6 16. Nd3 Nf7 17. Rhf1 Rf8 18. Ne2 O-O-O 19. exf5 gxf5 20. fxe5 Nfxe5 21. Nd4
Rde8 22. Nxf5 Qh7 23. Nxh4 Nf6 24. Nxe5 Rxe5 25. Qd3 Qxd3 26. Rxd3 Rfe8 27. c4
Nd7 28. Kc2 b5 29. b3 Nb6 30. cxb5 axb5 31. Rfd1 Nd7 32. Nf3 Re2+ 33. R1d2 Nf6
34. Nd4 Rxd2+ 35. Kxd2 Bxd5 36. Bxd5 Nxd5 37. Nxb5 Nf6 38. g4 Kd7 39. Rf3 Ne4+
40. Kd3 Ng5 41. Rf5 Nxh3 42. Rf7+ Re7 43. Rxe7+ Kxe7 44. Nxc7 Nf2+ 45. Kc4 Nxg4
46. Nd5+ Kd7 47. Kb5 Ne5 48. a4 Kc8 49. a5 Kb7 50. a6+ Ka7 51. Ne7 Nd7 52. Nc8+
Kb8 53. Nxd6 Ka7 54. Nc8+ Kb8 55. Ne7 Ka7 56. b4 Ka8 57. Kc6 Nb8+ 58. Kb6 Nd7+
59. Ka5 Ne5 60. Nd5 Ka7 61. b5 Nc4+ 62. Kb4 Ne5 63. Kc5 Nd7+ 64. Kd6 Nb8 65.
b6+ Kxa6 66. Kc7 1-0

[Event "Open Ciutat de Sabadell 2014"]
[Site "Sabadell ESP"]
[Date "2014.09.07"]
[Round "6.11"]
[White "Izagirre Alsua, Aritz"]
[Black "Valencia Jimenez, Jose"]
[Result "0-1"]
[WhiteElo "1954"]
[BlackElo "2094"]
[PlyCount "88"]
[EventDate "2014.09.02"]
[EventType "swiss"]
[EventRounds "9"]
[EventCountry "ESP"]
[Source "lmi"]
[SourceDate "2014.09.02"]

1. e4 c5 2. Nc3 a6 3. g3 b5 4. Bg2 Bb7 5. d3 e6 6. Qe2 Nc6 7. Nf3 Be7 8. O-O d5
9. e5 Bf8 10. h4 Nge7 11. a4 b4 12. Nb1 Nf5 13. c3 Be7 14. Nbd2 O-O 15. Re1 a5
16. Nf1 Ba6 17. h5 Rb8 18. N1h2 bxc3 19. bxc3 Rb3 20. Qc2 Qb6 21. g4 Nh4 22.
Nd2 Nxg2 23. Kxg2 Nd4 24. cxd4 Rxd3 25. Rb1 Qc6 26. Re3 Rxd4 27. Ba3 Rc8 28.
Kg3 Bg5 29. Nhf3 Bf4+ 30. Kh3 Bxe3 31. fxe3 Rxa4 32. Ng5 g6 33. hxg6 fxg6 34.
Qc3 Be2 35. Kg3 Rxg4+ 36. Kf2 Rxg5 37. Kxe2 Rg2+ 38. Kd3 d4 39. Qc4 Rxd2+ 40.
Kxd2 Qg2+ 41. Kd3 Rc6 42. Bxc5 dxe3 43. Rb8+ Kf7 44. Bxe3 Qd5+ 0-1

[Event "Open Ciutat de Sabadell 2014"]
[Site "Sabadell ESP"]
[Date "2014.09.07"]
[Round "6.12"]
[White "Guix Torres, David"]
[Black "Morais Carreras, Javier"]
[Result "1/2-1/2"]
[WhiteElo "2076"]
[BlackElo "1985"]
[PlyCount "71"]
[EventDate "2014.09.02"]
[EventType "swiss"]
[EventRounds "9"]
[EventCountry "ESP"]
[Source "lmi"]
[SourceDate "2014.09.02"]

1. e4 e5 2. Nf3 Nf6 3. d4 Nxe4 4. Bd3 d5 5. Nxe5 Bd6 6. Nc3 Nxc3 7. bxc3 O-O 8.
O-O c5 9. Qh5 g6 10. Qf3 c4 11. Be2 Bxe5 12. dxe5 Nc6 13. Qg3 Nxe5 14. Qxe5 Re8
15. Qd4 Rxe2 16. Bh6 f6 17. Rae1 Rxe1 18. Rxe1 Kf7 19. h4 Be6 20. Be3 Qd6 21.
Qd2 Re8 22. Bd4 Bf5 23. Rxe8 Kxe8 24. Bxa7 Kf7 25. Bd4 Kg7 26. a4 Qe6 27. f3
Qc6 28. g4 Bd7 29. g5 Qd6 30. gxf6+ Kf7 31. Qe1 Bxa4 32. Kg2 Qe6 33. Qd2 Bd7
34. Qh6 Qh3+ 35. Kf2 Qh2+ 36. Ke3 1/2-1/2

[Event "Open Ciutat de Sabadell 2014"]
[Site "Sabadell ESP"]
[Date "2014.09.07"]
[Round "6.13"]
[White "Hernando Rodrigo, Jose Maria"]
[Black "Tardio Fran, Emilio"]
[Result "1-0"]
[WhiteElo "2322"]
[BlackElo "1767"]
[PlyCount "57"]
[EventDate "2014.09.02"]
[EventType "swiss"]
[EventRounds "9"]
[EventCountry "ESP"]
[Source "lmi"]
[SourceDate "2014.09.02"]

1. Nf3 c5 2. g3 g6 3. Bg2 Bg7 4. O-O Nc6 5. c4 Nf6 6. Nc3 d6 7. d4 cxd4 8. Nxd4
Bd7 9. Nb3 Be6 10. Nd5 O-O 11. Bg5 Nd7 12. Qd2 Re8 13. Rac1 Nc5 14. Nxc5 dxc5
15. Rfd1 Qc8 16. b3 Kf8 17. Bh6 Kg8 18. Bxg7 Kxg7 19. Qf4 Bxd5 20. cxd5 Nd4 21.
Rxd4 e5 22. dxe6 Rxe6 23. Re4 Rf6 24. Qe5 Qf5 25. Qxf5 Rxf5 26. Re7 a5 27. Be4
Kf6 28. Rxb7 Re5 29. Rb6+ 1-0

[Event "Open Ciutat de Sabadell 2014"]
[Site "Sabadell ESP"]
[Date "2014.09.08"]
[Round "7.1"]
[White "Martinez Alcantara, Jose Eduar"]
[Black "Sandipan, Chanda"]
[Result "1-0"]
[WhiteElo "2388"]
[BlackElo "2619"]
[PlyCount "83"]
[EventDate "2014.09.02"]
[EventType "swiss"]
[EventRounds "9"]
[EventCountry "ESP"]
[Source "lmi"]
[SourceDate "2014.09.02"]

1. c4 f5 2. d4 Nf6 3. Nc3 g6 4. h4 d6 5. h5 Nxh5 6. Rxh5 gxh5 7. e4 fxe4 8.
Qxh5+ Kd7 9. Qg4+ Ke8 10. Qh5+ Kd7 11. Qg4+ e6 12. Nxe4 Be7 13. Nf3 Qg8 14. Qf4
Nc6 15. Bd2 d5 16. Nf6+ Bxf6 17. Qxf6 Qf8 18. Qh4 Qf5 19. O-O-O Rg8 20. cxd5
exd5 21. Bb5 Ke8 22. Re1+ Be6 23. Ne5 Rf8 24. Bd3 Qxf2 25. Qh5+ Ke7 26. Qxh7+
Rf7 27. Nxf7 Qxf7 28. Bg5+ Kd6 29. Qxf7 Bxf7 30. Bf4+ Ne5 31. Bxe5+ Kc6 32. Kd2
Kb6 33. Bxc7+ Kxc7 34. Re7+ Kc6 35. Rxf7 Rg8 36. Rf6+ Kc7 37. Rg6 Rf8 38. g4
Rf2+ 39. Kc3 a5 40. Rg7+ Kc6 41. a4 Rg2 42. g5 1-0

[Event "Open Ciutat de Sabadell 2014"]
[Site "Sabadell ESP"]
[Date "2014.09.08"]
[Round "7.2"]
[White "Lorenzo De La Riva, Lazaro"]
[Black "Aroshidze, Levan"]
[Result "0-1"]
[WhiteElo "2391"]
[BlackElo "2531"]
[PlyCount "134"]
[EventDate "2014.09.02"]
[EventType "swiss"]
[EventRounds "9"]
[EventCountry "ESP"]
[Source "lmi"]
[SourceDate "2014.09.02"]

1. d4 Nf6 2. c4 e6 3. Nf3 b6 4. g3 Bb7 5. Bg2 Be7 6. O-O O-O 7. Re1 Na6 8. Nc3
Ne4 9. Nxe4 Bxe4 10. Ne5 Bxg2 11. Kxg2 c5 12. d5 Bf6 13. Nf3 exd5 14. cxd5 d6
15. e4 Re8 16. Rb1 Rc8 17. Bf4 c4 18. Qa4 Nc5 19. Qxc4 Nxe4 20. Qa4 Nc5 21.
Rxe8+ Qxe8 22. Qxe8+ Rxe8 23. Bxd6 Nd3 24. Bc7 Re2 25. Rf1 Kf8 26. Kg1 Ke8 27.
a4 Kd7 28. Bb8 Kc8 29. Bf4 Nxf4 30. gxf4 Re4 31. Rc1+ Kd7 32. b3 Rxf4 33. Kg2
Rg4+ 34. Kf1 Rb4 35. Rb1 Kd6 36. Ke2 Kxd5 37. Rd1+ Kc5 38. Rc1+ Kd5 39. Rd1+
Ke6 40. Rd3 Re4+ 41. Kf1 g5 42. h3 h5 43. Nd2 Rd4 44. Re3+ Kd5 45. Nc4 Kc5 46.
Na3 Rf4 47. Nc2 Kd5 48. Rd3+ Ke6 49. Ke2 a5 50. Re3+ Kf5 51. Rd3 Ke6 52. Re3+
Be5 53. Rd3 Bd6 54. Nd4+ Kf6 55. Nc2 Bc5 56. Ne3 Ke6 57. Kf1 Rd4 58. Rc3 Rd2
59. Ke1 Rb2 60. Nc2 f5 61. Kd1 Rb1+ 62. Ke2 f4 63. Rd3 Rh1 64. Rf3 Kf5 65. Ne1
Ke4 66. Nd3 Bd4 67. b4 Ra1 0-1